| 000 | 00591nam a2200217Ia 4500 | ||
|---|---|---|---|
| 003 | OSt | ||
| 005 | 20230331114438.0 | ||
| 008 | 210423s2009 xx 000 0 und d | ||
| 020 | _a978-81-223-1067-2 | ||
| 040 | _cAL | ||
| 041 | _aeng | ||
| 082 |
_a891.433 _223 _bPREG |
||
| 100 |
_aPREMCHAND (Munshi) _980797 |
||
| 245 |
_aGodaan: masterpiece of hindi literature _cYADAV (Anurag) |
||
| 260 |
_aDelhi _bPustak Mahal _c2009 |
||
| 300 |
_a351 _bPB |
||
| 365 |
_b250 _cINR |
||
| 650 |
_aIndic Literature _980798 |
||
| 906 | _aGodaan: ; hindi ; literature ; masterpiece | ||
| 942 |
_2ddc _cBK |
||
| 999 |
_c168897 _d168897 |
||